[Event "Bratto op-B 33rd"]
[Site "Bratto"]
[Date "2013.08.18"]
[Round "1"]
[White "Bonassi, Tommaso"]
[Black "Cristiani, Gianfranco"]
[Result "1-0"]
[WhiteElo "1949"]
[BlackElo "1790"]
[PlyCount "95"]
[EventDate "2013.08.18"]
[EventType "swiss"]
[EventRounds "8"]
[EventCountry "ITA"]
[SourceTitle "EXT 2015"]
[Source "ChessBase"]
[SourceDate "2014.11.20"]
[SourceVersion "1"]
[SourceVersionDate "2014.11.20"]
[SourceQuality "1"]

1. e4 e6 2. Nf3 d5 3. e5 c5 4. b4 cxb4 5. a3 Nc6 6. axb4 Bxb4 7. c3 Be7 8. d4 Bd7 9. Bd3 Qc7 10. 0-0 f6 11. Re1 f5 12. Ng5 g6 13. Na3 a6 14. Nb5 Qb8 15. Nd6+ Bxd6 16. exd6 Nd8 17. Bf4 h6 18. Be5 hxg5 19. Bxh8 Qxd6 20. Be5 Qc6 21. g4 Nf7 22. gxf5 gxf5 23. Qh5 Kf8 24. Rac1 a5 25. Qg6 Ne7 26. Qg7+ Ke8 27. Bf6 Qd6 28. c4 Qf4 29. Re3 Rc8 30. c5 b6 31. c6 Rxc6 32. Rxc6 Bxc6 33. Rxe6 Qg4+ 34. Kf1 Qd1+ 35. Re1 Qxd3+ 36. Kg1 Qa3 37. Rxe7+ Qxe7 38. Bxe7 Kxe7 39. Qg6 Bd7 40. Qxb6 a4 41. f4 g4 42. Kf2 Nd6 43. Kg3 Nc4 44. Qa6 a3 45. Kh4 Be6 46. Kg5 Kd7 47. Kf6 Bg8 48. Kxf5 1-0

[Event "SEMI B010 email"]
[Site "SEMI email"]
[Date "2000.05.20"]
[Round "?"]
[White "Vio, Mauro"]
[Black "Cristiani, Gianfranco"]
[Result "1-0"]
[WhiteElo "1019"]
[BlackElo "1579"]
[PlyCount "61"]
[EventDate "2000.05.20"]
[EventType "tourn (corr)"]
[EventRounds "7"]
[EventCountry "ITA"]
[SourceTitle "Corr 2002"]
[Source "ChessBase"]
[SourceDate "2002.05.23"]
[SourceVersion "1"]
[SourceVersionDate "2002.05.23"]
[SourceQuality "1"]

1. d4 e6 2. e4 d5 3. e5 c5 4. Nf3 Nc6 5. Bb5 Be7 6. 0-0 Bd7 7. Bxc6 Bxc6 8. Nc3 c4 9. Bd2 Nh6 10. Bxh6 gxh6 11. Qd2 Bg5 12. Nxg5 Qxg5 13. f4 Qf5 14. Nd1 Rg8 15. Ne3 Qh3 16. f5 Qh4 17. fxe6 fxe6 18. Rf6 Rg6 19. Raf1 Rxf6 20. Rxf6 Bd7 21. Qf2 Qxf2+ 22. Kxf2 0-0-0 23. Rxh6 Rh8 24. b3 b5 25. Rf6 a5 26. bxc4 bxc4 27. Rf7 h5 28. g4 a4 29. g5 Rg8 30. h4 Kd8 31. Ng2 1-0

[Event "SEMI B008 email"]
[Site "SEMI email"]
[Date "2000.??.??"]
[Round "?"]
[White "Cristiani, Gianfranco"]
[Black "Marino, Fabio"]
[Result "0-1"]
[WhiteElo "1579"]
[BlackElo "993"]
[PlyCount "34"]
[EventDate "2000.03.01"]
[EventType "tourn (corr)"]
[EventRounds "6"]
[EventCountry "ITA"]
[SourceTitle "Corr 2002"]
[Source "ChessBase"]
[SourceDate "2002.05.23"]
[SourceVersion "1"]
[SourceVersionDate "2002.05.23"]
[SourceQuality "1"]

1. e4 c6 2. f4 d5 3. e5 Bf5 4. Nf3 e6 5. d4 Nh6 6. Nc3 Be7 7. Bd3 c5 8. dxc5 Bxc5 9. Na4 Nc6 10. Bd2 Be7 11. Bb5 a6 12. Bxc6+ bxc6 13. c3 c5 14. Be3 Rc8 15. h3 Be4 16. g4 d4 17. Bc1 dxc3 0-1